Statistics for Guess these US cities by their flags

Click here to take the quiz!

General Stats

  • This quiz has been taken 109 times
  • The average score is 32 of 50

Answer Stats

Answer% Correct
Albuquerque
100%
Atlanta
100%
Austin
100%
Bridgeport
100%
Cleveland
100%
Detroit
100%
Fresno
100%
Jacksonville
100%
Jersey City
100%
Kansas City
100%
Los Angeles
100%
Saint Paul
100%
San Antonio
100%
San Francisco
100%
Tampa
100%
Chicago
80%
Honolulu
80%
Newark
80%
Oklahoma City
80%
Sacramento
80%
San Jose
80%
Spokane
80%
Boston
75%
Dallas
75%
Denver
75%
Grand Rapids
75%
Las Vegas
75%
Little Rock
75%
Memphis
75%
Miami
75%
Milwaukee
75%
New Orleans
75%
Raleigh
75%
San Diego
75%
Washington, D.C.
75%
Anchorage
67%
Charlotte
67%
Columbus, OH
67%
Providence
67%
Worcester
67%
Albany, NY
50%
Baltimore
50%
Cincinnati
50%
Des Moines
50%
Indianapolis
50%
Lincoln
50%
New York City
50%
St. Louis
50%
Virginia Beach
50%
Houston
40%
Orlando
40%
Portland, OR
40%
Philadelphia
33%
Sioux Falls
33%
Buffalo
25%
Jackson
20%
Minneapolis
20%
Wichita
20%
Anaheim
0%
Birmingham
0%
Charleston, SC
0%
Colorado Springs
0%
El Paso
0%
Madison
0%
Omaha
0%
Salt Lake City
0%

Score Distribution

Percentile by Number Answered

Percent of People with Each Score

Your Score History

You have not taken this quiz